<?xml version="1.0" encoding="UTF-8"?><?xml-stylesheet type="text/xsl" href="static/style.xsl"?><OAI-PMH xmlns="http://www.openarchives.org/OAI/2.0/" xmlns:xsi="http://www.w3.org/2001/XMLSchema-instance" xsi:schemaLocation="http://www.openarchives.org/OAI/2.0/ http://www.openarchives.org/OAI/2.0/OAI-PMH.xsd"><responseDate>2026-04-18T03:56:45Z</responseDate><request verb="GetRecord" identifier="oai:www.recercat.cat:2117/428449" metadataPrefix="marc">https://recercat.cat/oai/request</request><GetRecord><record><header><identifier>oai:recercat.cat:2117/428449</identifier><datestamp>2026-01-30T08:05:52Z</datestamp><setSpec>com_2072_1033</setSpec><setSpec>col_2072_452950</setSpec></header><metadata><record xmlns="http://www.loc.gov/MARC21/slim" xmlns:dcterms="http://purl.org/dc/terms/" xmlns:xsi="http://www.w3.org/2001/XMLSchema-instance" xmlns:doc="http://www.lyncode.com/xoai" xsi:schemaLocation="http://www.loc.gov/MARC21/slim http://www.loc.gov/standards/marcxml/schema/MARC21slim.xsd">
   <leader>00925njm 22002777a 4500</leader>
   <datafield ind2=" " ind1=" " tag="042">
      <subfield code="a">dc</subfield>
   </datafield>
   <datafield ind2=" " ind1=" " tag="720">
      <subfield code="a">Qureshi, Abdul Rehman</subfield>
      <subfield code="e">author</subfield>
   </datafield>
   <datafield ind2=" " ind1=" " tag="720">
      <subfield code="a">Asensio Garcia, Adrian</subfield>
      <subfield code="e">author</subfield>
   </datafield>
   <datafield ind2=" " ind1=" " tag="720">
      <subfield code="a">Imran, Muhammad</subfield>
      <subfield code="e">author</subfield>
   </datafield>
   <datafield ind2=" " ind1=" " tag="720">
      <subfield code="a">García Almiñana, Jordi</subfield>
      <subfield code="e">author</subfield>
   </datafield>
   <datafield ind2=" " ind1=" " tag="720">
      <subfield code="a">Masip Bruin, Xavier</subfield>
      <subfield code="e">author</subfield>
   </datafield>
   <datafield ind2=" " ind1=" " tag="260">
      <subfield code="c">2025-06</subfield>
   </datafield>
   <datafield ind2=" " ind1=" " tag="520">
      <subfield code="a">A Digital Twin (DT) is a virtual representation of both cyber and physical objects. Initially, the concept was introduced to optimize manufacturing products, aimed at validating and verifying their behavior along their lifecycle. However, in the recent years and with the advent of Industry 4.0, it has also gained huge attention in the cybersecurity arena. Indeed, using a DT is seen as an strategy to automate, monitor, simulate, and diagnose cyber–physical systems behavior, aimed at making them to be secure. The DT can provide security in multiple domains such as manufacturing, aerospace, automotive, construction, smart grid, smart cities, and smart transportation. The fundamentals of a DT is a combination of data and a model of the system. To this end, this survey aims to explore current efforts on DT modeling techniques, and how these DT models capture the behavior of the system to enhance cybersecurity. The study focuses on the construction of behavioral models, techniques, tools, and technologies of DT used for specific security applications. The purpose of the discussion carried out in this survey is to illustrate the reader on how these behavioral models adapt to different security applications. In addition, the paper also analyzes and classifies current DT literature based on use cases, type of DT study, tools, and various DT operation modes with their specific security application. The findings of this survey describe security applications being enhanced by DT, and how the combination of key technologies facilitating Industry 4.0 (i.e., AI, IoT, Big Data and Cloud Computing, among others), are accelerating the adoption of DT as a solution for next generation security applications. Finally, this survey highlights relevant research gaps that need to be addressed before the wide adoption of DT in cybersecurity.</subfield>
   </datafield>
   <datafield ind2=" " ind1=" " tag="520">
      <subfield code="a">The work leading to this publication was partially co-funded by the Spanish Ministry of Science and Innovation under grant PID2021-124463OB-I00 funded by MCIN/AEI/10.13039/501100011033 and by ERDF A way of making Europe, by the Catalan Government under contract 2021 SGR 00326, as well as by the European Union’s Horizon Europe under the HE COBALT project , Grant Agreement no. 101119602.</subfield>
   </datafield>
   <datafield ind2=" " ind1=" " tag="520">
      <subfield code="a">Peer Reviewed</subfield>
   </datafield>
   <datafield ind2=" " ind1=" " tag="520">
      <subfield code="a">Postprint (published version)</subfield>
   </datafield>
   <datafield tag="653" ind2=" " ind1=" ">
      <subfield code="a">Àrees temàtiques de la UPC::Informàtica::Seguretat informàtica</subfield>
   </datafield>
   <datafield tag="653" ind2=" " ind1=" ">
      <subfield code="a">Digital Twins</subfield>
   </datafield>
   <datafield tag="653" ind2=" " ind1=" ">
      <subfield code="a">CyberSecurity</subfield>
   </datafield>
   <datafield tag="653" ind2=" " ind1=" ">
      <subfield code="a">IoT</subfield>
   </datafield>
   <datafield tag="653" ind2=" " ind1=" ">
      <subfield code="a">Behavior modeling</subfield>
   </datafield>
   <datafield tag="653" ind2=" " ind1=" ">
      <subfield code="a">Cyberphysical systems</subfield>
   </datafield>
   <datafield tag="653" ind2=" " ind1=" ">
      <subfield code="a">Security applications</subfield>
   </datafield>
   <datafield tag="653" ind2=" " ind1=" ">
      <subfield code="a">Security tools</subfield>
   </datafield>
   <datafield ind2="0" ind1="0" tag="245">
      <subfield code="a">A survey on security enhancing Digital Twins: models, applications and tools</subfield>
   </datafield>
</record></metadata></record></GetRecord></OAI-PMH>